| 000 | 00478nam a2200169 a 4500 | ||
|---|---|---|---|
| 001 | 6114 | ||
| 003 | CO-ViMGA | ||
| 008 | 141112s2004 ck r 000 u spa d | ||
| 040 |
_aCO-ViMGA _bspa _cCO-ViMGA |
||
| 082 | 0 | 4 | _a370.1 P515 |
| 245 | 1 | 0 |
_aPlaneta de la pedagogía crítica : _bcomunicar y transformar / _cAyuste Ana y otros |
| 260 |
_aBarcelona : _bGraó, _c1994 |
||
| 300 | _a131 p | ||
| 490 | _aBiblioteca de Aula, 3 | ||
| 650 | 1 | 4 | _aeducación - TEORIA |
| 942 |
_2ddc _cBK |
||
| 999 |
_c18088 _d18088 |
||